Miejscowości powiatu bocheńskiego - Statystyki

Ogólne statystyki
  • Ten quiz został rozwiązany 166 razy
  • Średni wynik to 40 z 101
Statystyki odpowiedzi
Odpowiedź % Poprawnych
Nowy Wiśnicz
89%
Bochnia
88%
Stary Wiśnicz
81%
Rzezawa
69%
Łapanów
68%
Lipnica Murowana
67%
Żegocina
64%
Łapczyca
63%
Proszówki
63%
Trzciana
63%
Drwinia
58%
Krzeczów
57%
Borek
54%
Baczków
52%
Damienice
52%
Królówka
52%
Łazy
52%
Muchówka
52%
Stanisławice
52%
Kobyle
51%
Kopaliny
51%
Łąkta Górna
51%
Leksandrowa
51%
Mikluszowice
50%
Cikowice
49%
Łąkta Dolna
49%
Dziewin
48%
Gawłów
48%
Lipnica Dolna
48%
Lipnica Górna
46%
Nieszkowice Małe
46%
Grobla
45%
Bogucice
44%
Cerekiew
44%
Moszczenica
44%
Bessów
43%
Gorzków
43%
Jodłówka
43%
Majkowice
43%
Rajbrot
43%
Wisnicz Mały
43%
Zielona
43%
Okulice
42%
Olchawa
42%
Chełm
40%
Połom Duży
40%
Dąbrówka
39%
Ostrów Królewski
39%
Zawada
39%
Chronów
38%
Gawłówek
38%
Niedary
38%
Nieszkowice Wielkie
38%
Świniary
38%
Wola Nieszkowska
38%
Gierczyce
37%
Kamionna
37%
Ostrów Szlachecki
37%
Buczyna
36%
Kierlikówka
36%
Leszczyna
36%
Siedlec
36%
Stradomka
36%
Borówna
35%
Bytomsko
35%
Bratucice
33%
Rozdziele
33%
Ispina
32%
Rdzawa
32%
Słomka
32%
Ujazd
32%
Wola Drwińska
32%
Bełdno
31%
Bieńkowice
31%
Sobolów
31%
Boczów
29%
Łomna
29%
Nieprześnia
29%
Krzyżanowice
27%
Kobylec
26%
Pogwizdów
26%
Wyżyce
26%
Kamyk
25%
Tarnawa
25%
Cichawka
24%
Dąbrowica
24%
Ubrzeż
24%
Wieruszyce
24%
Buczków
21%
Chrostowa
20%
Wola Wieruszycka
20%
Brzezowa
19%
Kępanów
18%
Trawniki
18%
Grabie
17%
Zatoka
14%
Dębina
13%
Grabina
13%
Lubomierz
12%
Wolica
11%
Zbydniów
11%
Nie znaleziono quizów pasujących do podanych kryteriów
Rozkład punktacji
Procent ludzi z każdym wynikiem
Percentyl według liczby udzielonych odpowiedzi
Twoja historia wyników
Nie rozwiązałeś tego quizu